| 000 | 01385nam a22002177a 4500 | ||
|---|---|---|---|
| 999 |
_c60323 _d60323 |
||
| 003 | Ge_BSU | ||
| 005 | 20230629102612.0 | ||
| 008 | 230629s1969 ge ||||| |||| 00| 0 geo d | ||
| 041 | _ageo | ||
| 080 | _a94(479.22-21) ბ-57 | ||
| 100 |
_aბერძნიშვილი, მაქსიმე _919056 |
||
| 245 |
_aქალაქ ფაზისის ისტორიისათვის / _cმაქსიმე ბერძნიშვილი; რედ. ო. ლორთქიფანიძე; ივ. ჯავახიშვილის სახ. ისტორიის, არქეოლოგიისა და ეთნოგრაფიის ინ-ტი. |
||
| 264 |
_aთბილისი : _b მეცნიერება, _c1969. |
||
| 300 |
_a206 გვ. ; _b22 სმ. |
||
| 501 | _aსაძიებლები: გვ. 190-202. | ||
| 504 | _aბიბლიოგრაფია შენიშვნებში. | ||
| 653 | _aსაქართველოს ქალაქების ისტორია | ||
| 700 |
_aლორთქიფანიძე, ო. _eრედაქტორი _917578 |
||
| 710 |
_aივ. ჯავახიშვილის სახ. ისტორიის, არქეოლოგიისა და ეთნოგრაფიის ინსტიტუტი. _919057 |
||
| 942 |
_2udc _cBK |
||